Road To 1000 (Record no. 47265)

MARC details
000 -LEADER
fixed length control field 00818nam a22002177a 4500
005 - DATE AND TIME OF LATEST TRANSACTION
control field 20260218114359.0
008 - FIXED-LENGTH DATA ELEMENTS--GENERAL INFORMATION
fixed length control field 260218b |||||||| |||| 00| 0 eng d
020 ## - INTERNATIONAL STANDARD BOOK NUMBER
International Standard Book Number 9789393875013
040 ## - CATALOGING SOURCE
Transcribing agency VITAP
082 ## - DEWEY DECIMAL CLASSIFICATION NUMBER
Edition number 23
Classification number 796.358 RAO
100 ## - MAIN ENTRY--PERSONAL NAME
Personal name Rao, Rajasekhara Ed.
9 (RLIN) 17063
245 ## - TITLE STATEMENT
Title Road To 1000
Remainder of title : India`s 100 ODIS in 1000 Pictures
Statement of responsibility, etc. / V.V. Rajasekhara Rao Ed.
260 ## - PUBLICATION, DISTRIBUTION, ETC.
Place of publication, distribution, etc. Chennai
Name of publisher, distributor, etc. THG Publishing Pvt Ltd.
Date of publication, distribution, etc. 2025
300 ## - PHYSICAL DESCRIPTION
Extent 511p, ill.:24cm*33cm
650 #0 - SUBJECT ADDED ENTRY--TOPICAL TERM
Topical term or geographic name entry element Chronological Photographic Narrative, Milestones & Landmark Events, Historic & Iconic Photographs, Captions & Contextual Text, Tribute to Fans & the Game etc.
9 (RLIN) 17065
700 ## - ADDED ENTRY--PERSONAL NAME
Personal name Narayanan, R Ed.
9 (RLIN) 17066
700 ## - ADDED ENTRY--PERSONAL NAME
Personal name Prasad, G Ed.
9 (RLIN) 17068
700 ## - ADDED ENTRY--PERSONAL NAME
Personal name Acharya, Ayan Ed.
9 (RLIN) 17069
700 ## - ADDED ENTRY--PERSONAL NAME
Personal name Prasad, Dhruva Ed.
9 (RLIN) 17070
942 ## - ADDED ENTRY ELEMENTS (KOHA)
Source of classification or shelving scheme Dewey Decimal Classification
Koha item type Reference Book
Holdings
Withdrawn status Lost status Source of classification or shelving scheme Materials specified (bound volume or other part) Damaged status Not for loan Collection code Home library Current library Date acquired Source of acquisition Cost, normal purchase price Inventory number Total Checkouts Full call number Barcode Date last seen Cost, replacement price Price effective from Koha item type Public note
    Dewey Decimal Classification Hard Bound   Not For Loan Reference School of Business & General Section VIT-AP 2026-01-12 The Hindu Group of Publications 4999.00 9001173329   796.358 RAO 025490 2026-02-18 4999.00 2026-01-12 Reference Book GEN

Visitor Number: